000 01058nam a2200289Ia 4500
003 OSt
005 20210902165051.0
008 210310s1988 sp ad fr 001 0dspa d
020 _a848585506X
040 _aCO-JMCR
_cCO-JMCR
041 1 _aspa
_heng
082 0 4 _a339 /
_bS245t
_223
100 1 _aSargent, Thomas J.,
_917355
_eautor
245 1 0 _aTeoría macroeconómica /
_cThomas J. Sargent ; traducción de Carlos Cuervo Arango, Teodoro Millán
250 _aSegunda edición
260 _aBarcelona :
_bAntoni Bosch,
_c1988
300 _a171 páginas :
_bilustraciones y gráficas a blanco y negro ;
_c22 cm.
490 0 _aEconomía ;
_v9
500 _aIncluye índice de materias y datos biográficos del autor.
504 _aReferencias al final de cada capítulo.
505 1 _gV.1.
_tmacroeconomía No Estocástica
650 1 4 _aMacroeconomía
_917357
650 2 4 _aMacroeconomía
_xModelos matemáticos
_939930
700 1 _aCuervo Arango, Carlos,
_etraductor
_939938
700 1 _aMillán, Teodoro,
_etraductor
_96015
942 _2ddc
_cBK
999 _c8466
_d8466